[Event "Quebec op U1700"]
[Site "Montreal CAN"]
[Date "2016.07.23"]
[Round "4.66"]
[White "Dion, Yves"]
[Black "Yu, Xi Ming"]
[Result "0-1"]
[WhiteElo "1431"]
[BlackElo "1492"]
[PlyCount "106"]
[EventDate "2016.07.23"]
[EventType "swiss"]
[EventRounds "8"]
[EventCountry "CAN"]

1. b3 e5 2. Bb2 Nc6 3. e3 d6 4. c4 Bf5 5. Nc3 Nf6 6. a3 Be7 7. d3 a5 8. e4 Bg4
9. Be2 Bxe2 10. Ngxe2 O-O 11. O-O Nd4 12. Nxd4 exd4 13. Nd5 c5 14. f4 Nxd5 15.
cxd5 f5 16. Qd2 fxe4 17. dxe4 Bf6 18. Qd3 Qd7 19. Rab1 b6 20. a4 Rae8 21. Kh1
Bd8 22. Rbe1 Rf6 23. Bc1 Rf7 24. Rf3 Bh4 25. g3 Bf6 26. f5 Rfe7 27. g4 h6 28.
Bf4 Rb8 29. Qd2 Bh4 30. Re2 Rbe8 31. Rh3 Rxe4 32. Rxe4 Rxe4 33. Rxh4 Qe7 34.
Bg3 Re2 35. Qd3 Re3 36. Qd1 Qe4+ 37. Kg1 d3 38. g5 Qxd5 39. gxh6 Re2 40. Bf2
Qf3 41. Qf1 d2 42. Rh3 Qxf2+ 43. Qxf2 d1=Q+ 44. Kg2 Rxf2+ 45. Kxf2 Qc2+ 46. Kg1
gxh6 47. Rg3+ Kf7 48. Rg6 Qxf5 49. Rxd6 Qb1+ 50. Kf2 Qxb3 51. Rxh6 c4 52. Rc6
c3 53. h4 Qb2+ 0-1

[Event "Quebec op U1700"]
[Site "Montreal CAN"]
[Date "2016.07.23"]
[Round "4.68"]
[White "Pellerin-Leclerc, Jonathan"]
[Black "Richard, Leo"]
[Result "0-1"]
[WhiteElo "1339"]
[BlackElo "1475"]
[PlyCount "50"]
[EventDate "2016.07.23"]
[EventType "swiss"]
[EventRounds "8"]
[EventCountry "CAN"]

1. e4 c5 2. Nf3 Nc6 3. d4 cxd4 4. Nxd4 g6 5. Nc3 Bg7 6. Be3 Nf6 7. Be2 O-O 8.
Qd2 d5 9. exd5 Nxd5 10. O-O-O Nxe3 11. fxe3 Bd7 12. g4 a6 13. h4 Ne5 14. Rdg1
h6 15. g5 h5 16. Nd1 Bg4 17. Nf2 Bxe2 18. Qxe2 Rc8 19. Rd1 Qb6 20. b3 Nc6 21.
Nxc6 Rxc6 22. Rd7 Qa5 23. a4 Qb4 24. Kb1 Qa3 25. Nd3 Qa1# 0-1

[Event "Quebec op U1700"]
[Site "Montreal CAN"]
[Date "2016.07.25"]
[Round "4.69"]
[White "Wang, Isabelle"]
[Black "Bergeron, Jean-Guy"]
[Result "1/2-1/2"]
[WhiteElo "1335"]
[BlackElo "1453"]
[PlyCount "27"]
[EventDate "2016.07.23"]
[EventType "swiss"]
[EventRounds "8"]
[EventCountry "CAN"]

1. e4 Nc6 2. d4 e5 3. Nf3 exd4 4. Nxd4 Bb4+ 5. c3 Bc5 6. Nxc6 bxc6 7. Bd3 Nf6
8. Bg5 Be7 9. Qf3 h6 10. Bf4 O-O 11. e5 Nd5 12. Qe4 f5 13. exf6 Rxf6 14. Qh7+
1/2-1/2

[Event "Quebec op U1700"]
[Site "Montreal CAN"]
[Date "2016.07.25"]
[Round "4.70"]
[White "Germain, Max jr"]
[Black "Frangakis, Evan"]
[Result "1-0"]
[WhiteElo "1411"]
[BlackElo "1575"]
[PlyCount "119"]
[EventDate "2016.07.23"]
[EventType "swiss"]
[EventRounds "8"]
[EventCountry "CAN"]

1. d4 d5 2. c4 c6 3. cxd5 cxd5 4. Nc3 Nf6 5. Nf3 Nc6 6. a3 a6 7. e3 Bf5 8. Bd3
Bxd3 9. Qxd3 e6 10. h3 Bd6 11. O-O O-O 12. e4 dxe4 13. Nxe4 Nxe4 14. Qxe4 Be7
15. Be3 Bf6 16. Rad1 Re8 17. b4 Rc8 18. Ne5 Qd5 19. Qxd5 exd5 20. Nd7 Bd8 21.
Rd3 b6 22. Rc3 Re7 23. Ne5 Rec7 24. Rfc1 Ne7 25. Rxc7 Rxc7 26. Rxc7 Bxc7 27.
Kf1 Nf5 28. Ke2 f6 29. Nd3 Kf7 30. g4 Nd6 31. Nf4 Bd8 32. Nxd5 b5 33. Kd3 Nc4
34. Bc1 Ke6 35. Nc3 Bc7 36. a4 Nd6 37. Bf4 bxa4 38. Nxa4 a5 39. Bxd6 Kxd6 40.
b5 Bd8 41. Kc4 g6 42. Nc5 Bb6 43. Na4 Bd8 44. b6 Kc6 45. d5+ Kb7 46. Kc5 f5 47.
f3 fxg4 48. fxg4 h5 49. d6 hxg4 50. hxg4 Bh4 51. d7 Be7+ 52. Kb5 Bd8 53. Nc5+
Kb8 54. Kc6 Ka8 55. Kb5 a4 56. Nxa4 Kb7 57. Nc5+ Kb8 58. Kc6 g5 59. Nb7 Bxb6
60. Kxb6 1-0

[Event "Quebec op U1700"]
[Site "Montreal CAN"]
[Date "2016.07.25"]
[Round "4.71"]
[White "Bond, Yvon"]
[Black "Burnuk, Arno"]
[Result "1/2-1/2"]
[WhiteElo "1343"]
[BlackElo "1378"]
[PlyCount "48"]
[EventDate "2016.07.23"]
[EventType "swiss"]
[EventRounds "8"]
[EventCountry "CAN"]

1. d4 d5 2. Nf3 Nf6 3. e3 e6 4. Bd3 Bd6 5. O-O Nc6 6. c3 O-O 7. Nbd2 Bd7 8. Re1
Qe7 9. e4 dxe4 10. Nxe4 Nxe4 11. Bxe4 h6 12. Qc2 Qf6 13. Be3 Rfe8 14. Re2 e5
15. Rae1 exd4 16. Nxd4 Bxh2+ 17. Kh1 Bd6 18. Nf3 Ne5 19. Bd4 Kh8 20. Nxe5 Bxe5
21. Bxe5 Rxe5 22. Bf3 Rae8 23. Rxe5 Rxe5 24. Rxe5 Qxe5 1/2-1/2

[Event "Quebec op U1700"]
[Site "Montreal CAN"]
[Date "2016.07.26"]
[Round "5.1"]
[White "Robillard, Jean-Philippe"]
[Black "Plante, Marc-Eric"]
[Result "1-0"]
[WhiteElo "1529"]
[BlackElo "1633"]
[PlyCount "141"]
[EventDate "2016.07.23"]
[EventType "swiss"]
[EventRounds "8"]
[EventCountry "CAN"]

1. d4 Nf6 2. c4 e6 3. Nf3 b6 4. a3 Be7 5. Nc3 Bb7 6. Qc2 d5 7. Bg5 Nbd7 8. cxd5
exd5 9. e3 O-O 10. Bd3 h6 11. Bh4 c5 12. Qe2 Re8 13. O-O Ne4 14. Bxe7 Qxe7 15.
Rac1 Ng5 16. Nxg5 Qxg5 17. Nb5 Rec8 18. Nd6 Rc7 19. Qf3 Qf6 20. Qxf6 Nxf6 21.
dxc5 bxc5 22. Nxb7 Rxb7 23. Rxc5 Rxb2 24. Rfc1 Rab8 25. Rc8+ Ne8 26. Bf1 Kf8
27. g3 Ke7 28. a4 Rxc8 29. Rxc8 Rb7 30. Ba6 Rc7 31. Ra8 Nd6 32. h4 Nc4 33. Bb5
Nd6 34. Bd3 Nc4 35. Rb8 h5 36. Be2 g6 37. Bf3 Rd7 38. Rb5 d4 39. Bc6 Rd6 40.
Rb7+ Kf6 41. Bb5 Nd2 42. exd4 Rxd4 43. Be8 Nf3+ 44. Kg2 Ne5 45. f4 Rd2+ 46. Kf1
Ng4 47. Rxf7+ Ke6 48. Rxa7 Kf5 49. Ra5+ Ke4 50. Bxg6+ Kf3 51. Ke1 Re2+ 52. Kd1
Ne3+ 53. Kc1 Re1+ 54. Kd2 Rd1+ 55. Kc3 Kxg3 56. Bxh5 Rc1+ 57. Kd2 Nc4+ 58. Kxc1
Nxa5 59. f5 Nb3+ 60. Kb2 Nc5 61. Be8 Kxh4 62. f6 Kg5 63. f7 Ne6 64. a5 Kf6 65.
a6 Ke7 66. a7 Nc7 67. Kb3 Kf8 68. Kc4 Ke7 69. Kc5 Kd8 70. Kd6 Nb5+ 71. Bxb5 1-0

[Event "Quebec op U1700"]
[Site "Montreal CAN"]
[Date "2016.07.26"]
[Round "5.2"]
[White "Morin, Maxime"]
[Black "Turgeon, Yoakim"]
[Result "1-0"]
[WhiteElo "1583"]
[BlackElo "1675"]
[PlyCount "123"]
[EventDate "2016.07.23"]
[EventType "swiss"]
[EventRounds "8"]
[EventCountry "CAN"]

1. e4 e5 2. Nf3 Nc6 3. d4 exd4 4. Nxd4 Bc5 5. Be3 Bb6 6. Nxc6 bxc6 7. Bxb6 axb6
8. c4 d6 9. Nc3 Nf6 10. Be2 O-O 11. O-O Be6 12. b3 d5 13. exd5 cxd5 14. cxd5
Nxd5 15. Nxd5 Bxd5 16. Bf3 Bxf3 17. Qxf3 Qd2 18. Rfd1 Qb2 19. a4 Rad8 20. Rab1
Qe5 21. Re1 Qd5 22. Rbd1 Qxf3 23. gxf3 Rfe8 24. Rxe8+ Rxe8 25. Rd7 Rc8 26. Kf1
Kf8 27. Ke2 Ke8 28. Rd4 Ke7 29. Kd3 c5 30. Re4+ Kd6 31. Kc4 f5 32. Re1 Kc6 33.
Re6+ Kb7 34. Kb5 Rd8 35. Rxb6+ Ka7 36. Kc6 Rc8+ 37. Kb5 Rd8 38. Kxc5 Rd2 39.
Rd6 Rc2+ 40. Kd4 Rd2+ 41. Ke5 Rxf2 42. Rd7+ Kb6 43. Rxg7 Rxf3 44. Rxh7 f4 45.
Ke4 Rxb3 46. Kxf4 Rb4+ 47. Kg5 Rxa4 48. h4 Kc6 49. h5 Ra1 50. Rg7 Rg1+ 51. Kf6
Rf1+ 52. Kg6 Rg1+ 53. Kh7 Rh1 54. h6 Kd6 55. Rg6+ Ke7 56. Kg7 Rf1 57. h7 Rf7+
58. Kh6 Rf8 59. Rg8 Rf6+ 60. Kg5 Rf1 61. h8=Q Kf7 62. Rg7+ 1-0

[Event "Quebec op U1700"]
[Site "Montreal CAN"]
[Date "2016.07.26"]
[Round "5.3"]
[White "Houle, Sebastien"]
[Black "Yu, Daniel-Tianqi"]
[Result "0-1"]
[WhiteElo "1492"]
[BlackElo "1639"]
[PlyCount "64"]
[EventDate "2016.07.23"]
[EventType "swiss"]
[EventRounds "8"]
[EventCountry "CAN"]

1. e4 e5 2. f4 exf4 3. Bc4 d6 4. d4 Qh4+ 5. Kf1 Bg4 6. Nf3 Qh5 7. Bxf4 Nc6 8.
c3 O-O-O 9. Nbd2 Nge7 10. Bd3 h6 11. h3 g5 12. Bh2 Bxh3 13. gxh3 Qxh3+ 14. Kf2
g4 15. Bg3 Qxh1 16. Qxh1 gxf3 17. Nxf3 Bg7 18. Qh5 d5 19. e5 Rdf8 20. Bf5+ Kb8
21. Ke3 Rhg8 22. Bf4 Na5 23. Kd3 b6 24. Rg1 Ng6 25. Bc1 Nc6 26. e6 fxe6 27.
Bxe6 Rxf3+ 28. Qxf3 Nge5+ 29. Kc2 Nxf3 30. Bxg8 Nxg1 31. Bxd5 Ne7 32. Bg2 Ne2
0-1

[Event "Quebec op U1700"]
[Site "Montreal CAN"]
[Date "2016.07.26"]
[Round "5.4"]
[White "Zheng, Richard"]
[Black "Blanchette, Rene"]
[Result "1/2-1/2"]
[WhiteElo "1398"]
[BlackElo "1610"]
[PlyCount "51"]
[EventDate "2016.07.23"]
[EventType "swiss"]
[EventRounds "8"]
[EventCountry "CAN"]

1. e4 Nf6 2. e5 Nd5 3. c4 Nb6 4. d4 d6 5. exd6 cxd6 6. Nc3 g6 7. Be3 Bg7 8. h3
O-O 9. Bd3 Nc6 10. Nge2 e5 11. d5 Nd4 12. O-O f5 13. f3 Bd7 14. b3 Nxe2+ 15.
Bxe2 f4 16. Bd2 Bf5 17. Ne4 Nd7 18. Be1 Bxe4 19. fxe4 Nc5 20. Bf3 a5 21. Bf2
Qc7 22. Rc1 h5 23. Qd2 Rfc8 24. Rc2 b6 25. Rfc1 Bf8 26. Rc3 1/2-1/2

[Event "Quebec op U1700"]
[Site "Montreal CAN"]
[Date "2016.07.26"]
[Round "5.6"]
[White "Langlois, Jean-Marie"]
[Black "Kartobi, Youcef"]
[Result "1/2-1/2"]
[WhiteElo "1373"]
[BlackElo "1534"]
[PlyCount "53"]
[EventDate "2016.07.23"]
[EventType "swiss"]
[EventRounds "8"]
[EventCountry "CAN"]

1. d4 d5 2. Bf4 Nf6 3. e3 e6 4. Nf3 Be7 5. h3 b6 6. Bd3 Bb7 7. O-O O-O 8. Nbd2
c5 9. c3 Nc6 10. Qc2 cxd4 11. exd4 Rc8 12. Qb1 h6 13. Re1 Nh5 14. Bh2 Bd6 15.
Ne5 Nf6 16. Qd1 Nb8 17. f4 Ba6 18. Bxa6 Nxa6 19. Qa4 Nb8 20. Qd1 Nc6 21. a4 Na5
22. b4 Nb7 23. Rc1 Be7 24. Re3 Nd6 25. Ng4 Nf5 26. Re1 Nd6 27. Nf2 1/2-1/2

[Event "Quebec op U1700"]
[Site "Montreal CAN"]
[Date "2016.07.26"]
[Round "5.7"]
[White "Zhong, Kevin"]
[Black "Omichi, Haruaki"]
[Result "1-0"]
[WhiteElo "1519"]
[BlackElo "1360"]
[PlyCount "87"]
[EventDate "2016.07.23"]
[EventType "swiss"]
[EventRounds "8"]
[EventCountry "CAN"]

1. e4 c5 2. Ne2 Nc6 3. Nbc3 Nf6 4. d4 cxd4 5. Nxd4 g6 6. Be3 Bg7 7. Bc4 O-O 8.
O-O a6 9. a4 Qc7 10. Ba2 d6 11. h3 Bd7 12. f4 Rac8 13. Qf3 Nb4 14. Bb3 e5 15.
Nde2 Bc6 16. fxe5 dxe5 17. Bc5 a5 18. Bxf8 Rxf8 19. Rad1 Na6 20. Qe3 b6 21. Nd5
Nxd5 22. exd5 Bb7 23. d6 Qd8 24. Nc3 Nc5 25. Nd5 Bxd5 26. Rxd5 Qd7 27. Qg5 Ne6
28. Qe3 Nc5 29. Rdd1 Kh8 30. Qe2 e4 31. Bc4 f5 32. Bb5 Qe6 33. d7 Rd8 34. Qc4
Qxc4 35. Bxc4 Nxa4 36. Bb5 Nc5 37. c3 Be5 38. Rd5 Bc7 39. b4 axb4 40. cxb4 Ne6
41. Rc1 Kg7 42. Rc6 Kf6 43. Bc4 Ke7 44. Rd1 1-0

[Event "Quebec op U1700"]
[Site "Montreal CAN"]
[Date "2016.07.26"]
[Round "5.8"]
[White "Lesage, Philippe"]
[Black "Sonn, Eric"]
[Result "1-0"]
[WhiteElo "1689"]
[BlackElo "1506"]
[PlyCount "49"]
[EventDate "2016.07.23"]
[EventType "swiss"]
[EventRounds "8"]
[EventCountry "CAN"]

1. Nf3 c5 2. c4 Nc6 3. g3 g6 4. Bg2 Bg7 5. Nc3 Nf6 6. O-O d6 7. d4 cxd4 8. Nxd4
Bd7 9. Nb3 O-O 10. c5 Ne8 11. Bf4 e5 12. Be3 Be6 13. cxd6 Nf6 14. Nc5 Bc8 15.
Bg5 Qa5 16. Bxf6 Bxf6 17. N3e4 Bd8 18. d7 f5 19. dxc8=Q Rxc8 20. Qd5+ Kh8 21.
Nd6 Rc7 22. Ne6 Qxd5 23. Bxd5 Rd7 24. Nxf8 Rxd6 25. Bxc6 1-0

[Event "Quebec op U1700"]
[Site "Montreal CAN"]
[Date "2016.07.26"]
[Round "5.9"]
[White "Raduica, Gheorghe"]
[Black "Stoyanova, Stela"]
[Result "1-0"]
[WhiteElo "1546"]
[BlackElo "1474"]
[PlyCount "111"]
[EventDate "2016.07.23"]
[EventType "swiss"]
[EventRounds "8"]
[EventCountry "CAN"]

1. e4 c5 2. Nf3 Nc6 3. d4 cxd4 4. Nxd4 g6 5. c3 Bg7 6. Nf3 d6 7. Bc4 Nf6 8. Qc2
a6 9. a4 b5 10. axb5 Ne5 11. Nxe5 dxe5 12. O-O O-O 13. bxa6 Qc7 14. Bb5 Bd7 15.
Bxd7 Nxd7 16. Be3 Rfb8 17. a7 Rb7 18. Qd2 Nc5 19. Qd5 Nd7 20. Rd1 e6 21. Qd2
Bf8 22. b4 Nb6 23. Bxb6 Qxb6 24. Ra5 Rbxa7 25. Rxa7 Rxa7 26. Qc2 Rc7 27. Qd3
Ra7 28. Qe3 Qxe3 29. fxe3 Ra1 30. Kf2 f5 31. exf5 exf5 32. Ke2 e4 33. Nd2 Ra2
34. Rc1 Bd6 35. g3 Kg7 36. Ke1 Be7 37. b5 Bc5 38. Nf1 Rb2 39. Ra1 Rxb5 40. Ra2
g5 41. Ke2 Rb7 42. Nd2 Bf8 43. c4 Rd7 44. Rc2 Rc7 45. Nb3 Kf6 46. c5 Ke6 47. c6
Kd5 48. Nd4 f4 49. Rd2 Ke5 50. exf4+ gxf4 51. gxf4+ Kf6 52. Rc2 Rc8 53. Ke3 Ke7
54. Kxe4 Bg7 55. Nf5+ Kf6 56. Nd6 1-0

[Event "Quebec op U1700"]
[Site "Montreal CAN"]
[Date "2016.07.26"]
[Round "5.10"]
[White "Varfalvy, Peter"]
[Black "Lima-Barbosa, Raphael"]
[Result "0-1"]
[WhiteElo "1404"]
[BlackElo "1663"]
[PlyCount "96"]
[EventDate "2016.07.23"]
[EventType "swiss"]
[EventRounds "8"]
[EventCountry "CAN"]

1. d4 Nf6 2. Bf4 d5 3. Nf3 e6 4. e3 c5 5. Bb5+ Nc6 6. c3 Qb6 7. Qb3 Bd7 8. Nbd2
a6 9. Bxc6 Qxc6 10. Ne5 Qb5 11. Nxd7 Nxd7 12. Qxb5 axb5 13. dxc5 Nxc5 14. Ke2
f6 15. f3 g5 16. Bg3 f5 17. Nb3 Na4 18. Nd4 Kd7 19. Be5 Rg8 20. Nxb5 Nxb2 21.
Rhb1 Nc4 22. Bg3 Bc5 23. Bf2 e5 24. g3 Kc6 25. f4 gxf4 26. exf4 exf4 27. Bxc5
Kxc5 28. Nd4 Rge8+ 29. Kf2 fxg3+ 30. hxg3 Nd6 31. Kf3 Re4 32. Nb3+ Kc6 33. Nd4+
Kd7 34. a4 Rae8 35. Ra3 Nc4 36. Rxb7+ Kc8 37. Rab3 Nd2+ 38. Kf2 Nxb3 39. Rxb3
f4 40. a5 fxg3+ 41. Kg2 Re1 42. Rb5 R8e3 43. a6 Ra1 44. Rc5+ Kb8 45. Nc6+ Ka8
46. Rxd5 Ra2+ 47. Kh3 g2+ 48. Kh2 g1=Q+ 0-1

[Event "Quebec op U1700"]
[Site "Montreal CAN"]
[Date "2016.07.26"]
[Round "5.11"]
[White "Bureau, Robert"]
[Black "Tsanaclis, Albert"]
[Result "0-1"]
[WhiteElo "1445"]
[BlackElo "1692"]
[PlyCount "124"]
[EventDate "2016.07.23"]
[EventType "swiss"]
[EventRounds "8"]
[EventCountry "CAN"]

1. e4 c5 2. Nf3 Nc6 3. d4 cxd4 4. Nxd4 g6 5. Nc3 Bg7 6. Be3 Nf6 7. Bc4 Qa5 8.
O-O O-O 9. Bb3 Rd8 10. Qe2 d6 11. Nxc6 bxc6 12. Qc4 d5 13. exd5 cxd5 14. Qc5
Qxc5 15. Bxc5 e6 16. Rad1 Ba6 17. Rfe1 Nd7 18. Be7 Rdc8 19. Nxd5 exd5 20. Bxd5
Rab8 21. Bxf7+ Kxf7 22. Rxd7 Rb7 23. Rxb7 Bxb7 24. Bg5 Rc7 25. c3 h6 26. Be3
Bd5 27. a3 Bb3 28. f3 Rd7 29. Kf2 h5 30. h4 Bh6 31. g3 a5 32. f4 a4 33. Kg1 Bc4
34. Kf2 Rb7 35. Bc1 Re7 36. Rxe7+ Kxe7 37. Be3 Ke6 38. Ba7 Kf5 39. Ke3 Kg4 40.
Kf2 Bg7 41. Bb6 Kf5 42. Ke3 Bf8 43. Bd4 Be7 44. Bb6 Kg4 45. Kf2 Bb3 46. Bd4 Bd6
47. Be3 Kf5 48. Kf3 Bd5+ 49. Ke2 Ke4 50. Bd4 Bc4+ 51. Kd2 Kf3 52. Bf6 Kxg3 53.
Ke3 Bc5+ 54. Ke4 Kg4 55. Bd8 Bf2 56. Ke5 Bxh4 57. Bc7 Bg3 58. Kd4 Be6 59. Ke4
h4 60. Ke3 h3 61. f5 Bxf5 62. c4 Bxc7 0-1

[Event "Quebec op U1700"]
[Site "Montreal CAN"]
[Date "2016.07.26"]
[Round "5.12"]
[White "Piche, Guy"]
[Black "Cholette, Mario"]
[Result "1-0"]
[WhiteElo "1649"]
[BlackElo "1432"]
[PlyCount "98"]
[EventDate "2016.07.23"]
[EventType "swiss"]
[EventRounds "8"]
[EventCountry "CAN"]

1. f4 d5 2. e3 g6 3. Nf3 Bg7 4. d4 Nh6 5. Nc3 O-O 6. Be2 b6 7. O-O Bb7 8. Ne5
Nf5 9. Qe1 Nd7 10. Bd2 Nd6 11. Bf3 Nf6 12. b3 Nfe4 13. Rd1 e6 14. g4 f6 15. Nd3
Rc8 16. h4 c5 17. dxc5 bxc5 18. Bxe4 dxe4 19. Nb2 Qc7 20. Nca4 Rfd8 21. Ba5 Qe7
22. Bxd8 Rxd8 23. Nxc5 f5 24. Nxb7 Nxb7 25. Rxd8+ Nxd8 26. Nc4 fxg4 27. Ne5 Bf6
28. Nxg4 Bxh4 29. Qe2 Bg3 30. Kg2 Bh4 31. Rd1 g5 32. Qd2 Nf7 33. Qd7 Kf8 34.
Qxe7+ Kxe7 35. fxg5 Bxg5 36. Rh1 h6 37. Kf2 Kd6 38. Rd1+ Kc5 39. Rd4 h5 40. Nh2
Nd6 41. Nf1 e5 42. Ra4 Kb6 43. Nd2 Nf5 44. Rxe4 Bh4+ 45. Kg2 Bf6 46. Nc4+ Kc7
47. Kh3 h4 48. Nd2 Kd6 49. Ra4 Nxe3 1-0

[Event "Quebec op U1700"]
[Site "Montreal CAN"]
[Date "2016.07.26"]
[Round "5.13"]
[White "Cloutier, Jean-Pierre"]
[Black "Moreau, Michel"]
[Result "1/2-1/2"]
[WhiteElo "1637"]
[BlackElo "1428"]
[PlyCount "92"]
[EventDate "2016.07.23"]
[EventType "swiss"]
[EventRounds "8"]
[EventCountry "CAN"]

1. e4 c6 2. d4 d5 3. e5 c5 4. c3 e6 5. Bd3 Nc6 6. Ne2 cxd4 7. cxd4 Nge7 8. Bd2
Ng6 9. O-O Be7 10. Bc3 O-O 11. Nd2 Bd7 12. a3 Rc8 13. Rc1 a6 14. f4 f5 15. g4
Qe8 16. gxf5 exf5 17. Ng3 Nh4 18. Bb1 Kh8 19. Qb3 Be6 20. Qxb7 Rg8 21. Qxa6 g5
22. Qe2 gxf4 23. Rxf4 Bg5 24. Rf2 Nxd4 25. Qf1 Be3 26. Re1 Bxf2+ 27. Qxf2 Nb5
28. Bb4 Rg4 29. Nf3 Nxf3+ 30. Qxf3 f4 31. Qd3 Rg7 32. Kh1 fxg3 33. hxg3 d4 34.
Qf3 Rd8 35. Rf1 Bd5 36. Be4 Bxe4 37. Qxe4 Qh5+ 38. Kg2 Qg4 39. Qxg4 Rxg4 40. e6
Re8 41. e7 Rgg8 42. Bc5 Kg7 43. a4 Nc7 44. Bxd4+ Kg6 45. Rf6+ Kg5 46. Rf7 Kg6
1/2-1/2

[Event "Quebec op U1700"]
[Site "Montreal CAN"]
[Date "2016.07.26"]
[Round "5.14"]
[White "Legault, Simon"]
[Black "Perusse, Jacques"]
[Result "0-1"]
[WhiteElo "1399"]
[BlackElo "1522"]
[PlyCount "62"]
[EventDate "2016.07.23"]
[EventType "swiss"]
[EventRounds "8"]
[EventCountry "CAN"]

1. e4 d5 2. exd5 Nf6 3. d4 Nxd5 4. Nf3 g6 5. c4 Nb6 6. Be3 Bg7 7. Be2 c5 8. Nc3
cxd4 9. Bxd4 O-O 10. Bxg7 Kxg7 11. Qd4+ f6 12. Rd1 Bd7 13. c5 e5 14. Qd2 Nc8
15. Qd5 Qc7 16. O-O Bc6 17. Qb3 a6 18. Nd5 Bxd5 19. Rxd5 Ne7 20. Rd2 Nbc6 21.
Rfd1 Rfd8 22. Rd6 Nf5 23. R6d2 Ncd4 24. Nxd4 Nxd4 25. Qe3 Qxc5 26. Bf1 Rd6 27.
f4 Nf3+ 28. Kf2 Rxd2+ 29. Rxd2 Qxe3+ 30. Kxe3 Nxd2 31. Kxd2 exf4 0-1

[Event "Quebec op U1700"]
[Site "Montreal CAN"]
[Date "2016.07.26"]
[Round "5.15"]
[White "Yu, Xi Ming"]
[Black "Germain, Max jr"]
[Result "1/2-1/2"]
[WhiteElo "1492"]
[BlackElo "1411"]
[PlyCount "79"]
[EventDate "2016.07.23"]
[EventType "swiss"]
[EventRounds "8"]
[EventCountry "CAN"]

1. e4 c5 2. Nf3 e6 3. d4 cxd4 4. Nxd4 Nc6 5. Nxc6 bxc6 6. c4 Bb7 7. Nc3 Bb4 8.
Bd2 Ne7 9. a3 Ba5 10. b4 Bc7 11. Na4 d6 12. Bc3 O-O 13. Qg4 e5 14. Rd1 Qe8 15.
Bd3 Bc8 16. Qh5 Ng6 17. Bd2 f6 18. Nc3 Nf4 19. Qxe8 Nxd3+ 20. Ke2 Rxe8 21. Kxd3
f5 22. f3 Be6 23. Be3 a6 24. Na4 Rab8 25. Rb1 Rb7 26. Rb2 Reb8 27. Rhb1 Bd7 28.
Bf2 f4 29. Nc3 Be6 30. c5 d5 31. exd5 Bf5+ 32. Ke2 Bxb1 33. dxc6 Ra7 34. Rxb1
Re8 35. b5 axb5 36. Nxb5 Rb8 37. Nxa7 Rxb1 38. a4 Rb2+ 39. Kf1 Rb1+ 40. Ke2
1/2-1/2

[Event "Quebec op U1700"]
[Site "Montreal CAN"]
[Date "2016.07.26"]
[Round "5.16"]
[White "Richard, Leo"]
[Black "Perreault, Jacques"]
[Result "0-1"]
[WhiteElo "1475"]
[BlackElo "1589"]
[PlyCount "92"]
[EventDate "2016.07.23"]
[EventType "swiss"]
[EventRounds "8"]
[EventCountry "CAN"]

1. e4 d6 2. d4 Nf6 3. Nc3 g6 4. Nf3 Bg7 5. Be2 O-O 6. O-O Bg4 7. Be3 Na6 8. h3
Bxf3 9. Bxf3 c6 10. a4 Nd7 11. Ne2 e5 12. Qd2 exd4 13. Bxd4 Ne5 14. Bxe5 Bxe5
15. Rab1 Nc5 16. b3 Qh4 17. Qe3 Ne6 18. Rfd1 Ng5 19. Nd4 Bf4 20. Qd3 c5 21. Nb5
Rad8 22. Nxa7 h5 23. Nb5 Kg7 24. Nc3 Be5 25. Nd5 Ne6 26. c3 f5 27. exf5 Rxf5
28. Ne3 Rg5 29. Qe4 Qxh3 30. Qxb7+ Kh6 31. Kf1 Qh4 32. Rbc1 Nf4 33. Ke1 d5 34.
Bxd5 Bxc3+ 35. Rxc3 Qh1+ 36. Kd2 Rgxd5+ 37. Nxd5 Qxg2 38. Kc2 Nxd5 39. Rcd3
Ne3+ 40. Rxe3 Qxf2+ 41. Kc3 Qxe3+ 42. Kc4 Rxd1 43. a5 Qd4+ 44. Kb5 Qb4+ 45. Kc6
Qe4+ 46. Kc7 Rd7+ 0-1

[Event "Quebec op U1700"]
[Site "Montreal CAN"]
[Date "2016.07.26"]
[Round "5.17"]
[White "Bergeron, Jean-Guy"]
[Black "Kuleshova, Julia"]
[Result "1-0"]
[WhiteElo "1453"]
[BlackElo "1553"]
[PlyCount "105"]
[EventDate "2016.07.23"]
[EventType "swiss"]
[EventRounds "8"]
[EventCountry "CAN"]

1. c4 Nf6 2. Nc3 g6 3. e4 d6 4. d4 Bg7 5. Be2 O-O 6. Nf3 e5 7. O-O Nc6 8. d5
Ne7 9. b4 a5 10. Ba3 axb4 11. Bxb4 b6 12. a4 Nd7 13. Ng5 h6 14. Nf3 Kh7 15. Bd3
f5 16. a5 f4 17. axb6 Nxb6 18. c5 Rxa1 19. Qxa1 dxc5 20. Bxc5 Nd7 21. Bb4 g5
22. Qa3 Re8 23. Bb5 Ng6 24. h3 Bf8 25. Bxf8 Rxf8 26. Rd1 Bb7 27. Bxd7 Qxd7 28.
Nxe5 Qd6 29. Qxd6 cxd6 30. Nc4 Ba6 31. Nxd6 Rd8 32. Nf5 Rc8 33. Na4 Rc4 34. Rd4
Rc8 35. d6 Ne5 36. Nb6 Rd8 37. Rd5 Nf7 38. e5 Bb7 39. Rc5 Be4 40. Ne7 Kg7 41.
f3 Bb7 42. Nf5+ Kg6 43. Nd4 Nxd6 44. Ne6 Re8 45. Nxf4+ gxf4 46. exd6 Kf6 47. d7
Rd8 48. Rc7 Ba6 49. Rc6+ Kf7 50. Rxh6 Bb7 51. Rh4 Bc6 52. Rxf4+ Ke7 53. Rd4 1-0

[Event "Quebec op U1700"]
[Site "Montreal CAN"]
[Date "2016.07.26"]
[Round "5.18"]
[White "Nanescu, Marin"]
[Black "Charette, Nicolas"]
[Result "1/2-1/2"]
[WhiteElo "1403"]
[BlackElo "1538"]
[PlyCount "126"]
[EventDate "2016.07.23"]
[EventType "swiss"]
[EventRounds "8"]
[EventCountry "CAN"]

1. e4 e5 2. Nf3 Nf6 3. Nc3 Nc6 4. a3 d6 5. h3 Be7 6. Bc4 Nxe4 7. Bxf7+ Kxf7 8.
Nxe4 Rf8 9. d4 Nxd4 10. Nxd4 exd4 11. Qxd4 c6 12. Be3 d5 13. Ng3 Bf6 14. Qb4 b6
15. O-O c5 16. Qb3 Be6 17. Rad1 c4 18. Qb4 Qe7 19. Qxe7+ Bxe7 20. Bd4 Bc5 21.
Ne2 Kg8 22. c3 Rae8 23. Ng3 g6 24. Rfe1 Bf7 25. Rxe8 Rxe8 26. Kf1 Bxd4 27. Rxd4
Kg7 28. f3 b5 29. Kf2 a5 30. Ne2 g5 31. f4 h6 32. fxg5 hxg5 33. Rg4 Kf6 34. Nd4
b4 35. a4 bxc3 36. bxc3 Bh5 37. Rg3 Bd1 38. Nc6 Bxa4 39. Nxa5 Re7 40. Rg4 Bb5
41. Rd4 Ke6 42. Rg4 Ra7 43. Nxc4 Bxc4 44. Rxg5 Ra3 45. Rg3 Ra2+ 46. Kg1 Be2 47.
h4 Ra3 48. Re3+ Kf5 49. Rxe2 Rxc3 50. Rd2 Kg4 51. Rxd5 Kxh4 52. Kh2 Rc4 53. Rd3
Kg4 54. Rd2 Rb4 55. Rf2 Rb3 56. Re2 Rb4 57. Re8 Rb2 58. Re4+ Kh5 59. Kh3 Rb5
60. g3 Rb8 61. Re5+ Kh6 62. Kh4 Rc8 63. Re6+ Kh7 1/2-1/2

[Event "Quebec op U1700"]
[Site "Montreal CAN"]
[Date "2016.07.26"]
[Round "5.19"]
[White "Duplessis, Claude"]
[Black "Wang, Isabelle"]
[Result "1/2-1/2"]
[WhiteElo "1516"]
[BlackElo "1335"]
[PlyCount "146"]
[EventDate "2016.07.23"]
[EventType "swiss"]
[EventRounds "8"]
[EventCountry "CAN"]

1. e4 e5 2. Nf3 Nc6 3. Bb5 a6 4. Ba4 Nf6 5. O-O Be7 6. Re1 b5 7. Bb3 d6 8. c3
Bg4 9. h3 Bh5 10. d3 O-O 11. Nbd2 Nd7 12. Nf1 Nc5 13. Bc2 Qd7 14. Ng3 Bg6 15.
d4 exd4 16. cxd4 Nb7 17. a3 Rfe8 18. b3 Bf6 19. Rb1 d5 20. e5 Bxc2 21. Qxc2 Be7
22. Nf5 Bf8 23. b4 Ne7 24. Nxe7+ Qxe7 25. Ng5 g6 26. Qc6 Nd6 27. Qxd5 Nc4 28.
Qf3 f6 29. Qd5+ Kg7 30. exf6+ Qxf6 31. Ne6+ Kh8 32. Bg5 Qf5 33. Qxf5 gxf5 34.
Bf6+ Kg8 35. Nxc7 Rxe1+ 36. Rxe1 Ra7 37. Ne6 Rf7 38. Be5 Nxa3 39. Nxf8 Rxf8 40.
Ra1 Nc2 41. Rxa6 Rf7 42. Ra8+ Rf8 43. Rxf8+ Kxf8 44. Bd6+ Kf7 45. Be5 Ke6 46.
Kf1 Kd5 47. Ke2 Nxd4+ 48. Kd3 Ne6 49. Bc3 h5 50. g3 Nd8 51. f3 Ne6 52. g4 fxg4
53. fxg4 hxg4 54. hxg4 Nf8 55. g5 Ng6 56. Bd2 Ne7 57. Bc3 Ng6 58. Bd4 Ne7 59.
Bc5 Ng6 60. Ke3 Ke5 61. Kf3 Nh4+ 62. Kg4 Ng6 63. Kh5 Kf5 64. Kh6 Nf4 65. Bf8
Ng6 66. Bd6 Nh4 67. Be7 Ng6 68. Bf6 Nf4 69. Kg7 Ng6 70. Kf7 Nf4 71. Ke7 Nd5+
72. Kf7 Nf4 73. Ke8 Ke6 1/2-1/2